[Event "DEM U10/U10w 2013"]
[Site "Oberhof GER"]
[Date "2013.05.22"]
[Round "7"]
[White "Keymer, Vincent"]
[Black "Wu, Luka"]
[Result "1-0"]
[Termination "normal"]
[Board "1"]
[WhiteElo "1861"]
[BlackElo "1217"]
[PlyCount "81"]
[WhiteFideId "12940690"]
[BlackFideId "12977420"]
[EventCountry "GER"]
[EventRounds "11"]
[EventType "swiss"]
[EventDate "2013.05.18"]

1. c4 e5 2. g3 g6 3. Bg2 Bg7 4. Nc3 Nc6 5. d3 d6 6. a3 a5 7. e4 Nd4 8. h3 h6 9.
Nge2 Nxe2 10. Qxe2 c5 11. O-O Nf6 12. Be3 O-O 13. Kh2 Be6 14. f4 exf4 15. gxf4
Bd7 16. Rae1 Qc7 17. Qf2 Nh7 18. Nd5 Qd8 19. e5 dxe5 20. Bxc5 Re8 21. fxe5 Bf5
22. d4 Rc8 23. Be4 Be6 24. b3 Ng5 25. Bg2 Bf5 26. Rd1 Bf8 27. Nf6+ Kh8 28. Nxe8
Qxe8 29. Bxf8 Qxf8 30. h4 Ne6 31. d5 Nc5 32. Qb2 Kg8 33. Bh3 Qe7 34. Bxf5 gxf5
35. Kh3 Qd7 36. Rg1+ Kh7 37. Rg7+ Kh8 38. e6 f6 39. exd7 Rd8 40. Qxf6 Ne4 41.
Qxh6# 1-0

[Event "DEM U10/U10w 2013"]
[Site "Oberhof GER"]
[Date "2013.05.22"]
[Round "7"]
[White "Graf, Justus Felix"]
[Black "Tong, Kevin"]
[Result "1/2-1/2"]
[Termination "normal"]
[Board "2"]
[WhiteElo "1489"]
[BlackElo "1637"]
[PlyCount "69"]
[WhiteFideId "12929212"]
[BlackFideId "12913944"]
[EventCountry "GER"]
[EventRounds "11"]
[EventType "swiss"]
[EventDate "2013.05.18"]

1. e4 c5 2. Nf3 g6 3. d4 cxd4 4. Nxd4 Bg7 5. Bc4 Nc6 6. Nb3 Nf6 7. Nc3 O-O 8.
O-O d6 9. Re1 Ne5 10. Bf1 Be6 11. Nd5 Rc8 12. Bg5 Bxd5 13. exd5 Re8 14. c3 Qc7
15. Bb5 Ned7 16. Qd2 a6 17. Bf1 Ne5 18. Rad1 b5 19. Re3 Nc4 20. Bxc4 Qxc4 21.
Ree1 Ne4 22. Qe3 Nxg5 23. Qxg5 h6 24. Qd2 h5 25. Re2 Bh6 26. Qe1 Bg5 27. Rd4
Qc7 28. Rde4 Qb7 29. Qd1 Rc7 30. Na5 Qb6 31. Nb3 Rec8 32. g3 Rc4 33. Qd3 Bf6
34. Kg2 Kg7 35. a3 1/2-1/2

[Event "DEM U10/U10w 2013"]
[Site "Oberhof GER"]
[Date "2013.05.22"]
[Round "7"]
[White "Suvorov, Luca"]
[Black "Collin, Alexander"]
[Result "0-1"]
[Termination "normal"]
[Board "3"]
[WhiteElo "1551"]
[BlackElo "1451"]
[PlyCount "116"]
[WhiteFideId "12977071"]
[BlackFideId "12946745"]
[EventCountry "GER"]
[EventRounds "11"]
[EventType "swiss"]
[EventDate "2013.05.18"]

1. d4 d5 2. Nf3 Nf6 3. c4 c6 4. cxd5 cxd5 5. Nc3 Nc6 6. Bf4 Bg4 7. e3 e6 8. h3
Bh5 9. Be2 Bb4 10. O-O O-O 11. a3 Bxc3 12. bxc3 Ne4 13. Rc1 Qa5 14. Qb3 Bxf3
15. Bxf3 Nd2 16. Qxb7 Nxf1 17. Kxf1 Qxa3 18. e4 Qa4 19. exd5 Qc4+ 20. Be2 Qxd5
21. Bf3 Qc4+ 22. Be2 Na5 23. Qxa8 Rxa8 24. Bxc4 Nxc4 25. Ke2 a5 26. Kd3 Rc8 27.
Ra1 f6 28. Bc1 e5 29. Ba3 Nxa3 30. Rxa3 exd4 31. cxd4 Ra8 32. d5 Kf7 33. Kc4
Ke7 34. Kc5 a4 35. f4 Rc8+ 36. Kd4 Ra8 37. Kc5 Kd7 38. Kc4 Kd6 39. Kd4 f5 40.
g4 g6 41. g5 Ra5 42. Kc4 Rc5+ 43. Kb4 Rxd5 44. Kxa4 Rd4+ 45. Kb5 Rxf4 46. Re3
Re4 47. Rd3+ Ke5 48. Rd7 Rh4 49. Rd3 Kf4 50. Kc4 Kxg5+ 51. Kc3 Re4 52. Kd2 Kf4
53. Rd7 h5 54. Rd6 g5 55. Rd3 g4 56. hxg4 fxg4 57. Rd7 Kg3 58. Rd3+ Kg2 0-1

[Event "DEM U10/U10w 2013"]
[Site "Oberhof GER"]
[Date "2013.05.22"]
[Round "7"]
[White "Dietz, Florian"]
[Black "Svane, Frederik"]
[Result "0-1"]
[Termination "normal"]
[Board "4"]
[WhiteElo "1445"]
[BlackElo "1715"]
[PlyCount "58"]
[WhiteFideId "12939897"]
[BlackFideId "12923044"]
[EventCountry "GER"]
[EventRounds "11"]
[EventType "swiss"]
[EventDate "2013.05.18"]

1. e4 c5 2. Nf3 e6 3. d4 cxd4 4. Nxd4 a6 5. Nc3 Qc7 6. Be3 Nf6 7. Be2 Be7 8.
O-O O-O 9. f4 d6 10. Bf3 Nc6 11. Qe1 Bd7 12. Qg3 Rfd8 13. Rad1 Bf8 14. Qf2 Rab8
15. Qg3 Kh8 16. Kh1 b5 17. Rd2 Na5 18. Be2 b4 19. Nd1 Nxe4 20. Qh4 Nxd2 21.
Bxd2 Nc4 22. Bc1 Bb5 23. Rf3 Qe7 24. Qh5 g6 25. Qg4 Bg7 26. Bxc4 Bxd4 27. Bxb5
Rxb5 28. f5 Bg7 29. Bg5 f6 0-1

[Event "DEM U10/U10w 2013"]
[Site "Oberhof GER"]
[Date "2013.05.22"]
[Round "7"]
[White "Tschammer, Kai"]
[Black "Weishäutel, Moritz"]
[Result "1-0"]
[Termination "normal"]
[Board "5"]
[WhiteElo "1605"]
[BlackElo "1431"]
[PlyCount "29"]
[WhiteFideId "12939099"]
[BlackFideId "12967300"]
[EventCountry "GER"]
[EventRounds "11"]
[EventType "swiss"]
[EventDate "2013.05.18"]

1. e4 e5 2. Nf3 Nc6 3. Bc4 Bc5 4. O-O Nf6 5. d4 Bxd4 6. Nxd4 Nxd4 7. f4 Nc6 8.
Bxf7+ Kf8 9. fxe5 Nxe5 10. Bb3 h6 11. Bf4 Qe7 12. Nc3 Qc5+ 13. Kh1 Neg4 14.
Qxg4 Qxc3 15. Qg6 1-0

[Event "DEM U10/U10w 2013"]
[Site "Oberhof GER"]
[Date "2013.05.22"]
[Round "7"]
[White "Kopylov, Daniel"]
[Black "Nguyen, Alex Dac-Vuong"]
[Result "1-0"]
[Termination "normal"]
[Board "6"]
[WhiteElo "1628"]
[BlackElo "1401"]
[PlyCount "63"]
[WhiteFideId "12921971"]
[BlackFideId "12984388"]
[EventCountry "GER"]
[EventRounds "11"]
[EventType "swiss"]
[EventDate "2013.05.18"]

1. e4 e6 2. d4 d5 3. exd5 exd5 4. c4 Nf6 5. Nc3 Bb4 6. cxd5 Nxd5 7. Qb3 Bxc3+
8. bxc3 O-O 9. Bd3 Nc6 10. Ne2 Nb6 11. O-O Be6 12. Qc2 f5 13. Nf4 Bd7 14. Ba3
Rf6 15. Rfe1 Na5 16. Be7 Qc8 17. Bxf6 gxf6 18. Qe2 Na4 19. Qe7 Qe8 20. Qb4 Qb8
21. Qxa5 c5 22. Nd5 b6 23. Nxf6+ Kf7 24. Nxd7 bxa5 25. Nxb8 Rxb8 26. Rab1 Rxb1
27. Rxb1 Nxc3 28. Rb7+ Kg6 29. dxc5 Na4 30. c6 Nb6 31. Rxb6 axb6 32. c7 1-0

[Event "DEM U10/U10w 2013"]
[Site "Oberhof GER"]
[Date "2013.05.22"]
[Round "7"]
[White "Bartelt, Max Peter"]
[Black "Dobrikov, Marco"]
[Result "1-0"]
[Termination "normal"]
[Board "7"]
[WhiteElo "1356"]
[BlackElo "1528"]
[PlyCount "79"]
[WhiteFideId "12967289"]
[BlackFideId "12950378"]
[EventCountry "GER"]
[EventRounds "11"]
[EventType "swiss"]
[EventDate "2013.05.18"]

1. d4 Nf6 2. Bf4 d6 3. Nf3 Bf5 4. c4 Nbd7 5. Nc3 g6 6. e3 Bg7 7. Bd3 Bxd3 8.
Qxd3 O-O 9. O-O Re8 10. Rad1 e5 11. dxe5 dxe5 12. Nxe5 Nxe5 13. Qxd8 Raxd8 14.
Rxd8 Rxd8 15. Bxe5 c6 16. Rd1 Rxd1+ 17. Nxd1 Ne4 18. Bxg7 Kxg7 19. b3 Kf6 20.
f3 Nc5 21. Nc3 Ke5 22. Kf2 f5 23. f4+ Kd6 24. Kf3 Ke6 25. e4 h6 26. Ke3 Nxe4
27. Nxe4 fxe4 28. Kxe4 h5 29. h3 h4 30. Ke3 b5 31. cxb5 cxb5 32. b4 Kf5 33. Kf3
Kf6 34. Kg4 a6 35. Kxh4 Kf5 36. g3 Kf6 37. Kg4 Kf7 38. Kg5 Kg7 39. f5 gxf5 40.
Kxf5 1-0

[Event "DEM U10/U10w 2013"]
[Site "Oberhof GER"]
[Date "2013.05.22"]
[Round "7"]
[White "Niemann, Alexander"]
[Black "Huber, Benedikt"]
[Result "1/2-1/2"]
[Termination "normal"]
[Board "8"]
[WhiteElo "1645"]
[BlackElo "1689"]
[PlyCount "72"]
[WhiteFideId "12939862"]
[BlackFideId "12923583"]
[EventCountry "GER"]
[EventRounds "11"]
[EventType "swiss"]
[EventDate "2013.05.18"]

1. e4 e6 2. d4 d5 3. Nd2 Be7 4. Bd3 c5 5. dxc5 Nf6 6. Qe2 Bxc5 7. Ngf3 Nc6 8.
c3 b6 9. O-O O-O 10. h3 Bb7 11. Rd1 Qc7 12. exd5 Nxd5 13. Ne4 Be7 14. Ng3 Rad8
15. Ng5 g6 16. Qe4 Nf6 17. Qh4 h5 18. Qc4 Rd7 19. Qb3 Rfd8 20. Be2 Rxd1+ 21.
Bxd1 Na5 22. Qc2 Bd6 23. Ne2 Qc6 24. f3 Qc5+ 25. Kh1 Qf2 26. b4 Qe1+ 27. Ng1
Bc5 28. bxc5 Rxd1 29. Kh2 h4 30. Be3 Rxa1 31. Qd3 Qg3+ 32. Kh1 Rxa2 33. Qd8+
Kg7 34. Nxe6+ fxe6 35. Qe7+ Kg8 36. Qxe6+ Kg7 1/2-1/2

[Event "DEM U10/U10w 2013"]
[Site "Oberhof GER"]
[Date "2013.05.22"]
[Round "7"]
[White "Kukulina, Sonja"]
[Black "Heckmann, Till"]
[Result "0-1"]
[Termination "normal"]
[Board "9"]
[WhiteElo "1184"]
[BlackElo "1517"]
[PlyCount "102"]
[WhiteFideId "12977047"]
[BlackFideId "12987093"]
[EventCountry "GER"]
[EventRounds "11"]
[EventType "swiss"]
[EventDate "2013.05.18"]

1. e4 e6 2. d4 d5 3. exd5 exd5 4. Bd3 Nc6 5. c3 Bd6 6. Nf3 Nge7 7. O-O Bg4 8.
h3 Bh5 9. Bg5 f6 10. Be3 Qd7 11. Nbd2 O-O-O 12. Qb3 g5 13. c4 Bf4 14. cxd5 Nxd5
15. Bb5 a6 16. Bc4 Na5 17. Qd3 Nxc4 18. Nxc4 Bxf3 19. Bxf4 Bxg2 20. Rfe1 Nxf4
21. Qg3 Qxh3 22. Qxh3+ Bxh3 23. Rad1 Be6 24. Ne3 Bxa2 25. Ng4 f5 26. Nh6 Rde8
27. Nxf5 Rxe1+ 28. Rxe1 Be6 29. Ng7 Bd5 30. Re5 Rg8 31. Nf5 Rd8 32. Ne7+ Kb8
33. Nxd5 Rxd5 34. Rxd5 Nxd5 35. Kg2 b5 36. Kf3 Nf6 37. Ke3 Ng4+ 38. Kf3 Nxf2
39. Kxf2 h5 40. Kg3 a5 41. Kf3 a4 42. Ke2 h4 43. Ke3 b4 44. Ke2 a3 45. b3 a2
46. Kf2 a1=Q 47. Kg2 g4 48. d5 Qb2+ 49. Kh1 g3 50. Kg1 Qf2+ 51. Kh1 Qf1# 0-1

[Event "DEM U10/U10w 2013"]
[Site "Oberhof GER"]
[Date "2013.05.22"]
[Round "7"]
[White "Wagner, Benjamin"]
[Black "Zimmer, Raphael"]
[Result "1-0"]
[Termination "normal"]
[Board "10"]
[WhiteElo "1468"]
[BlackElo "1369"]
[PlyCount "57"]
[WhiteFideId "12957330"]
[BlackFideId "12978841"]
[EventCountry "GER"]
[EventRounds "11"]
[EventType "swiss"]
[EventDate "2013.05.18"]

1. e4 e5 2. Nf3 Nc6 3. Bc4 Bc5 4. O-O Nf6 5. d4 Bxd4 6. Nxd4 Nxd4 7. f4 Nc6 8.
Bxf7+ Kxf7 9. fxe5 Nxe5 10. Qd5+ Ke8 11. Qxe5+ Qe7 12. Qxe7+ Kxe7 13. Bg5 Rf8
14. Nc3 Ke6 15. Bxf6 Rxf6 16. Rxf6+ gxf6 17. Nd5 Ke5 18. Nxc7 Rb8 19. Re1 b6
20. Nb5 Ba6 21. Nc3 h5 22. Rd1 Ke6 23. Kf2 Rc8 24. Ke3 Rg8 25. Nd5 Ke5 26. Nf4
Bc4 27. b3 Be6 28. Rd4 Rg4 29. Nd3# 1-0

[Event "DEM U10/U10w 2013"]
[Site "Oberhof GER"]
[Date "2013.05.22"]
[Round "7"]
[White "Buchloh, Adrian"]
[Black "Lieberwirth, Kasimir"]
[Result "0-1"]
[Termination "normal"]
[Board "11"]
[WhiteElo "1141"]
[BlackElo "1433"]
[PlyCount "84"]
[WhiteFideId "12960675"]
[BlackFideId "12988146"]
[EventCountry "GER"]
[EventRounds "11"]
[EventType "swiss"]
[EventDate "2013.05.18"]

1. d4 d5 2. Nc3 e6 3. Bf4 Bd6 4. Bxd6 cxd6 5. e3 f5 6. f4 Nf6 7. Bb5+ Bd7 8.
Bxd7+ Nbxd7 9. Nf3 O-O 10. O-O Rc8 11. Qe2 Nb6 12. Nd1 Ne4 13. Nf2 Qc7 14. Nxe4
dxe4 15. Ng5 Rf6 16. Rac1 e5 17. c3 exf4 18. Rxf4 Nd5 19. Rh4 h6 20. Nh3 g5 21.
Rh5 g4 22. Nf2 Qf7 23. Rh4 Ne7 24. Nxg4 fxg4 25. Qxg4+ Qg6 26. Qd7 Qe8 27. Rg4+
Kh8 28. Qxb7 Rb8 29. Qxe4 Rxb2 30. d5 Rbf2 31. Qd4 Qf7 32. h3 Ng6 33. Qb4 Ne5
34. Qb8+ Kh7 35. Qb1+ Kh8 36. Rb4 Rxg2+ 37. Kh1 Rg8 38. Rg1 Rxg1+ 39. Kxg1 Rg6+
40. Rg4 Nxg4 41. Kh1 Qf3+ 42. Kg1 Ne5+ 0-1

[Event "DEM U10/U10w 2013"]
[Site "Oberhof GER"]
[Date "2013.05.22"]
[Round "7"]
[White "Helmer, Jan"]
[Black "Hommer, Jeremy"]
[Result "1-0"]
[Termination "normal"]
[Board "12"]
[WhiteElo "1570"]
[BlackElo "994"]
[PlyCount "87"]
[WhiteFideId "12956686"]
[BlackFideId "12992577"]
[EventCountry "GER"]
[EventRounds "11"]
[EventType "swiss"]
[EventDate "2013.05.18"]

1. f4 e5 2. e4 Nc6 3. Nf3 Bc5 4. Bc4 Nf6 5. Ng5 O-O 6. Nc3 b6 7. h3 Bb7 8. d3
Na5 9. Bb3 d6 10. Na4 Qe7 11. Nxc5 bxc5 12. O-O Nc6 13. Bd2 Nd4 14. c3 Ne6 15.
Nxe6 fxe6 16. f5 d5 17. exd5 exd5 18. Re1 Rfe8 19. Bg5 Qd6 20. Qf3 c6 21. Re2
h6 22. Bh4 Re7 23. Rae1 Rae8 24. Bg3 Qc7 25. Qe3 Nd7 26. Qd2 Qb6 27. d4 c4 28.
Bd1 e4 29. Re3 Nf6 30. Be5 Nd7 31. Bd6 Rf7 32. Bh5 Ref8 33. Bxf7+ Rxf7 34. Rg3
Rf6 35. Bf4 Bc8 36. Bxh6 Rf7 37. Qg5 Nf6 38. Bxg7 Nh7 39. Qh6 Qc7 40. Be5+ Rg7
41. Rxg7+ Kf8 42. Rxc7+ Ke8 43. Rxc8+ Kd7 44. Qe6# 1-0

[Event "DEM U10/U10w 2013"]
[Site "Oberhof GER"]
[Date "2013.05.22"]
[Round "7"]
[White "Yankelevich, Michael"]
[Black "Glinzner, Alva"]
[Result "1-0"]
[Termination "normal"]
[Board "13"]
[WhiteElo "1644"]
[BlackElo "974"]
[PlyCount "53"]
[WhiteFideId "12921440"]
[BlackFideId "16206169"]
[EventCountry "GER"]
[EventRounds "11"]
[EventType "swiss"]
[EventDate "2013.05.18"]

1. e4 c6 2. d4 d5 3. exd5 cxd5 4. Nf3 Nf6 5. Nc3 e6 6. Bb5+ Bd7 7. Bxd7+ Nbxd7
8. O-O Be7 9. Bf4 O-O 10. Re1 Nh5 11. Bd2 Bd6 12. Ne5 Nxe5 13. dxe5 Bc5 14.
Qxh5 f6 15. Rf1 d4 16. Ne4 Be7 17. exf6 Bxf6 18. Qg4 Rc8 19. Bb4 Re8 20. Nd6
Rxc2 21. Nxe8 Qxe8 22. Rfe1 Qc6 23. Rxe6 Rc1+ 24. Rxc1 Qxc1+ 25. Re1 Qxb2 26.
Qe6+ Kh8 27. Qe8# 1-0

[Event "DEM U10/U10w 2013"]
[Site "Oberhof GER"]
[Date "2013.05.22"]
[Round "7"]
[White "Gheng, Dominik"]
[Black "Koll, Linus"]
[Result "1-0"]
[Termination "normal"]
[Board "14"]
[WhiteElo "1635"]
[BlackElo "1208"]
[PlyCount "123"]
[WhiteFideId "12906778"]
[BlackFideId "12990299"]
[EventCountry "GER"]
[EventRounds "11"]
[EventType "swiss"]
[EventDate "2013.05.18"]

1. e4 e5 2. Nf3 Nc6 3. Bb5 a6 4. Ba4 Nf6 5. c3 Bc5 6. O-O O-O 7. d4 exd4 8.
cxd4 Bb6 9. Bg5 h6 10. Bh4 Ne7 11. Bxf6 gxf6 12. Qd2 Kg7 13. Bc2 d6 14. Nc3 Ng6
15. Nd5 c6 16. Nf4 Rg8 17. Nh5+ Kh7 18. Qb4 Bg4 19. Ng3 Bxf3 20. gxf3 Qc7 21.
Kh1 c5 22. dxc5 Qxc5 23. Qxc5 Bxc5 24. Nf5 Ne5 25. f4 Ng6 26. a3 a5 27. Rad1
Nxf4 28. Nxd6 f5 29. Nxf5 Nh3 30. Ne3 Nxf2+ 31. Rxf2 Bxe3 32. Rxf7+ Kg6 33.
Rxb7 Rac8 34. Bb3 Rgf8 35. Rd6+ Kh5 36. Rb5+ Kh4 37. Rd1 Kh3 38. Be6+ Kh4 39.
Bxc8 Rxc8 40. Rxa5 Rc2 41. Rb5 Kh3 42. Rh5+ Kg4 43. Rf5 h5 44. b4 h4 45. a4 h3
46. a5 Rg2 47. b5 Ra2 48. a6 Bb6 49. Rf6 Bc7 50. Rg1+ Kh5 51. Rf5+ Kh6 52. e5
Bb6 53. Rf6+ Kh5 54. Rxb6 Ra4 55. Rb8 Rxa6 56. Rh8+ Rh6 57. Rxh6+ Kxh6 58. b6
Kh7 59. b7 Kh8 60. b8=Q+ Kh7 61. Qd6 Kh8 62. Qh6# 1-0

[Event "DEM U10/U10w 2013"]
[Site "Oberhof GER"]
[Date "2013.05.22"]
[Round "7"]
[White "Merk, Daniel"]
[Black "Bui, Julia"]
[Result "1-0"]
[Termination "normal"]
[Board "15"]
[WhiteElo "1655"]
[BlackElo "1260"]
[PlyCount "79"]
[WhiteFideId "12938386"]
[BlackFideId "12977055"]
[EventCountry "GER"]
[EventRounds "11"]
[EventType "swiss"]
[EventDate "2013.05.18"]

1. d4 d5 2. c4 e6 3. Nc3 Nf6 4. Bg5 Nbd7 5. cxd5 exd5 6. e3 c6 7. Qc2 Qa5 8.
Bd3 Bb4 9. Nge2 O-O 10. O-O Re8 11. a3 Bd6 12. b4 Qc7 13. Bf4 Nf8 14. Bxd6 Qxd6
15. Nf4 Ng6 16. Nxg6 hxg6 17. h3 Be6 18. Rfe1 Rad8 19. Rad1 Qc7 20. Kh1 Qc8 21.
Kg1 Bf5 22. f3 Be6 23. Qf2 Nh7 24. e4 dxe4 25. fxe4 b6 26. e5 Bf5 27. Bc4 Be6
28. Bxe6 Qxe6 29. Ne4 Qb3 30. Nd6 Re7 31. Qf3 Qxf3 32. gxf3 Ng5 33. Kg2 Kf8 34.
Rc1 Rc7 35. d5 c5 36. f4 Nh7 37. Nb5 Rb7 38. bxc5 Rxd5 39. c6 Rxb5 40. cxb7 1-0

[Event "DEM U10/U10w 2013"]
[Site "Oberhof GER"]
[Date "2013.05.22"]
[Round "7"]
[White "Stork, Oliver"]
[Black "Richardt, Josia"]
[Result "1-0"]
[Termination "normal"]
[Board "16"]
[WhiteElo "1604"]
[BlackElo "1205"]
[PlyCount "39"]
[WhiteFideId "12955728"]
[BlackFideId "16217594"]
[EventCountry "GER"]
[EventRounds "11"]
[EventType "swiss"]
[EventDate "2013.05.18"]

1. e4 e5 2. Nf3 Nc6 3. Bb5 Nd4 4. Nxd4 exd4 5. d3 c6 6. Bc4 Nf6 7. O-O Bc5 8.
e5 d5 9. exf6 dxc4 10. fxg7 Rg8 11. Re1+ Be6 12. Qh5 Qf6 13. Qxc5 cxd3 14. Bg5
d2 15. Nxd2 Qxg5 16. Qxg5 Kd7 17. Ne4 Rgd8 18. Nf6+ Kd6 19. g8=Q Rxg8 20. Nxg8
1-0

[Event "DEM U10/U10w 2013"]
[Site "Oberhof GER"]
[Date "2013.05.22"]
[Round "7"]
[White "Hommel, Niclas"]
[Black "Suvorov, Alexander"]
[Result "1/2-1/2"]
[Termination "normal"]
[Board "17"]
[WhiteElo "1197"]
[BlackElo "1397"]
[PlyCount "95"]
[WhiteFideId "12974927"]
[BlackFideId "12977063"]
[EventCountry "GER"]
[EventRounds "11"]
[EventType "swiss"]
[EventDate "2013.05.18"]

1. e4 c5 2. Nf3 Nc6 3. d4 cxd4 4. Nxd4 e5 5. Nb5 d6 6. N1c3 a6 7. Na3 Be6 8.
Nd5 Nge7 9. c4 Bxd5 10. cxd5 Nb8 11. Be3 b5 12. Bd3 g6 13. O-O Bg7 14. Nc2 O-O
15. Rc1 Nd7 16. Nb4 Nb8 17. Nc2 f5 18. f3 f4 19. Bf2 g5 20. Ne1 h5 21. h3 Nd7
22. Qe2 Nf6 23. Rc2 Qd7 24. Rc1 g4 25. fxg4 hxg4 26. hxg4 Nxg4 27. Bb6 Rac8 28.
Rxc8 Rxc8 29. Bf2 Bf6 30. Nf3 Kf7 31. g3 Ng6 32. Kg2 Rh8 33. Rh1 Rxh1 34. Kxh1
Nxf2+ 35. Qxf2 Qh3+ 36. Kg1 Qxg3+ 37. Qxg3 fxg3 38. a4 bxa4 39. Bxa6 Nf4 40.
Bb5 Nh3+ 41. Kg2 Nf2 42. Kxg3 Nxe4+ 43. Kg4 Nc5 44. Nd2 Ke7 45. Kf5 e4 46. Nxe4
Nxe4 47. Kxe4 Bxb2 48. Bxa4 1/2-1/2

[Event "DEM U10/U10w 2013"]
[Site "Oberhof GER"]
[Date "2013.05.22"]
[Round "7"]
[White "Gelfenbaum, Daniel"]
[Black "Baladjaev, Leyla"]
[Result "1-0"]
[Termination "normal"]
[Board "18"]
[WhiteElo "1055"]
[BlackElo "1385"]
[PlyCount "51"]
[WhiteFideId "12965634"]
[BlackFideId "12960217"]
[EventCountry "GER"]
[EventRounds "11"]
[EventType "swiss"]
[EventDate "2013.05.18"]

1. e4 d6 2. d4 Nf6 3. Nc3 e5 4. dxe5 dxe5 5. Qxd8+ Kxd8 6. Nf3 Nc6 7. Bg5 Bd6
8. O-O-O Ke7 9. Nd5+ Ke6 10. g3 Nb4 11. Bh3+ Ng4 12. Bxg4+ f5 13. Bxf5+ Kf7 14.
Nxe5+ Bxe5 15. Nxb4 c6 16. Bxc8 Raxc8 17. Bf4 Bxf4+ 18. gxf4 Rc7 19. Rd2 a5 20.
Nd3 Re7 21. Ne5+ Kf6 22. Rd6+ Re6 23. Rxe6+ Kxe6 24. Ng4 Rf8 25. f5+ Ke7 26.
Rd1 1-0

[Event "DEM U10/U10w 2013"]
[Site "Oberhof GER"]
[Date "2013.05.22"]
[Round "7"]
[White "Breitzmann, Sander"]
[Black "Stirnberg, Noah"]
[Result "1-0"]
[Termination "normal"]
[Board "19"]
[WhiteElo "1168"]
[BlackElo "1338"]
[PlyCount "65"]
[WhiteFideId "12987085"]
[BlackFideId "16207742"]
[EventCountry "GER"]
[EventRounds "11"]
[EventType "swiss"]
[EventDate "2013.05.18"]

1. e4 c5 2. Nf3 d6 3. d4 cxd4 4. Nxd4 Nf6 5. Nc3 a6 6. Be2 e5 7. Nb3 Be6 8. a4
Be7 9. O-O Nbd7 10. Be3 O-O 11. f3 Qc7 12. a5 Rac8 13. Nd2 d5 14. exd5 Nxd5 15.
Nxd5 Bxd5 16. c3 Bc5 17. Bxc5 Qxc5+ 18. Kh1 Rfd8 19. Qc2 Nf8 20. Ne4 Qc7 21.
Bd3 Qe7 22. f4 f5 23. Ng3 e4 24. Nxf5 Qf7 25. Bxe4 Bb3 26. Qf2 Rc4 27. Ng3 h5
28. Rfe1 g5 29. Nf5 Kh8 30. fxg5 Re8 31. Bd3 Rc6 32. Rxe8 Qxe8 33. Qd4+ 1-0

[Event "DEM U10/U10w 2013"]
[Site "Oberhof GER"]
[Date "2013.05.22"]
[Round "7"]
[White "Berelowitsch, Dana"]
[Black "Hüls, Maximilian"]
[Result "1-0"]
[Termination "normal"]
[Board "20"]
[WhiteElo "981"]
[BlackElo "1617"]
[PlyCount "79"]
[WhiteFideId "12977144"]
[BlackFideId "12949698"]
[EventCountry "GER"]
[EventRounds "11"]
[EventType "swiss"]
[EventDate "2013.05.18"]

1. e4 c5 2. Nf3 Nc6 3. d4 cxd4 4. Nxd4 Nf6 5. Nc3 e5 6. Nxc6 bxc6 7. Bg5 Be7 8.
Bc4 O-O 9. O-O Bb7 10. Qd3 Nxe4 11. Bxe7 Qxe7 12. Qxe4 d5 13. Nxd5 cxd5 14.
Bxd5 Bxd5 15. Qxd5 Rfd8 16. Qe4 Rac8 17. Rfd1 Rd6 18. Rxd6 Qxd6 19. Qb7 Rd8 20.
h3 Qd4 21. c3 Qb6 22. Qe7 Qb8 23. Re1 f6 24. b4 h6 25. a4 Rd2 26. Re4 Qb6 27.
Re3 Qb8 28. Rg3 g5 29. h4 e4 30. hxg5 fxg5 31. Qxe4 Kh8 32. Qg6 Rd6 33. Qf7 a6
34. a5 g4 35. Qh5 Qc7 36. Qxg4 Rd8 37. Qg6 Rd1+ 38. Kh2 Qh7 39. Qf6+ Qg7 40.
Qxg7# 1-0

[Event "DEM U10/U10w 2013"]
[Site "Oberhof GER"]
[Date "2013.05.22"]
[Round "7"]
[White "Röhr, Tobias"]
[Black "Grund, Sebastian"]
[Result "0-1"]
[Termination "normal"]
[Board "21"]
[WhiteElo "1389"]
[BlackElo "1231"]
[PlyCount "60"]
[WhiteFideId "12963089"]
[BlackFideId "12988626"]
[EventCountry "GER"]
[EventRounds "11"]
[EventType "swiss"]
[EventDate "2013.05.18"]

1. d4 Nf6 2. Bg5 e6 3. Nd2 d5 4. e3 c5 5. Ngf3 Nbd7 6. c4 Be7 7. cxd5 Nxd5 8.
Bxe7 Qxe7 9. Bc4 N7b6 10. Bxd5 Nxd5 11. O-O cxd4 12. Nxd4 O-O 13. Rc1 Bd7 14.
Qb3 b6 15. a3 Rfc8 16. e4 Nf6 17. Qf3 Qd6 18. N4b3 e5 19. Rfd1 Bg4 20. Nc4
Qxd1+ 21. Rxd1 Bxf3 22. gxf3 Rxc4 23. Nd2 Rd4 24. Kf1 Rad8 25. Ke2 Nh5 26. b3
Nf4+ 27. Ke1 Nd3+ 28. Ke2 Nb2 29. Rc1 Rxd2+ 30. Kf1 Rd1+ 0-1

[Event "DEM U10/U10w 2013"]
[Site "Oberhof GER"]
[Date "2013.05.22"]
[Round "7"]
[White "Zyla, Lennert"]
[Black "Mücka, Cedric"]
[Result "0-1"]
[Termination "normal"]
[Board "22"]
[WhiteElo "1291"]
[BlackElo "1380"]
[PlyCount "78"]
[WhiteFideId "12981567"]
[BlackFideId "16217640"]
[EventCountry "GER"]
[EventRounds "11"]
[EventType "swiss"]
[EventDate "2013.05.18"]

1. e4 c5 2. Nf3 d6 3. d4 cxd4 4. Nxd4 Nf6 5. Nc3 g6 6. Be3 Bg7 7. f3 O-O 8. Qd2
Nc6 9. Bc4 Bd7 10. O-O-O Rc8 11. Bb3 Nxd4 12. Bxd4 Qa5 13. Kb1 Rfd8 14. Rdg1 b5
15. h4 b4 16. Ne2 Ba4 17. Nc1 Rc7 18. a3 Rb8 19. axb4 Qxb4 20. Qxb4 Rxb4 21.
Bc3 Bxb3 22. Bxb4 Bxc2+ 23. Ka2 Rc4 24. Ba3 Nd7 25. Re1 Nf8 26. Re2 Ne6 27. Rd2
Bh6 28. b3 Rc6 29. Rf2 Nd4 30. b4 Be3 31. Rff1 Nb5 32. Re1 Bd2 33. Ref1 Ra6 34.
Kb2 Nxa3 35. Rf2 Bxc1+ 36. Rxc1 Nc4+ 37. Kc3 Ne3 38. Kd4 Ra3 39. Re2 Rd3# 0-1

[Event "DEM U10/U10w 2013"]
[Site "Oberhof GER"]
[Date "2013.05.22"]
[Round "7"]
[White "Kublanov, Elizabeth"]
[Black "Burian, Simon"]
[Result "1/2-1/2"]
[Termination "normal"]
[Board "23"]
[WhiteElo "1103"]
[BlackElo "1370"]
[PlyCount "54"]
[WhiteFideId "12944564"]
[BlackFideId "12956902"]
[EventCountry "GER"]
[EventRounds "11"]
[EventType "swiss"]
[EventDate "2013.05.18"]

1. d4 Nf6 2. c4 g6 3. Nc3 Bg7 4. e4 d6 5. f4 O-O 6. Nf3 Nbd7 7. e5 dxe5 8. dxe5
Ne8 9. Bd3 c6 10. O-O Qb6+ 11. Kh1 f5 12. Qe1 Nc5 13. Bc2 Be6 14. b3 h6 15. Nh4
Kh7 16. Qg3 Bf7 17. Ne2 Nd6 18. Be3 Nce4 19. Bxb6 Nxg3+ 20. Nxg3 axb6 21. exd6
Bxa1 22. dxe7 Rfe8 23. Rxa1 Rxe7 24. a4 Rae8 25. Nf3 h5 26. h3 Re3 27. Nf1 Rc3
1/2-1/2